NCAAM DIII Basketball Logo Quiz: Centennial - Statistics

General Stats
  • This quiz has been taken 11 times
  • The average score is 4 of 10
Answer Stats
Picture Answer % Correct
John's Hopkins
88%
Dickinson
50%
Ursinus
50%
Franklin & Marshall
38%
Gettysburg
38%
McDaniel
38%
Muhlenberg
38%
Haverford
25%
Swarthmore
25%
Washington College
25%
No matching quizzes found
Score Distribution
Percent of People with Each Score
Percentile by Number Answered
Your Score History
You have not taken this quiz